Normal view MARC view

Entry Topical Term

Number of records used in: 1

001 - CONTROL NUMBER

  • control field: 12637

003 - CONTROL NUMBER IDENTIFIER

  • control field: OSt

005 - DATE AND TIME OF LATEST TRANSACTION

  • control field: 20180427172153.0

008 - FIXED-LENGTH DATA ELEMENTS

  • fixed length control field: 180427|| aca||aabn | a|a d

040 ## - CATALOGING SOURCE

  • Original cataloging agency: OSt
  • Transcribing agency: OSt

150 ## - HEADING--TOPICAL TERM

  • Topical term or geographic name entry element: Agricultural policies

670 ## - SOURCE DATA FOUND

  • Source citation: Work cat.: (OSt)3264: Bates, Robert H 7354, Markets and Staff in Tropical Africa: the political basis of agricultural policies, Berkeley